| 000 | 00568nam a2200193Ia 4500 | ||
|---|---|---|---|
| 005 | 20250508162837.0 | ||
| 008 | 008 250505s9999 xx 000 0 eng d | ||
| 020 | _a81-7018-606-4 | ||
| 037 | _aTextual | ||
| 040 |
_aFEDL _beng _cFEDL |
||
| 041 |
_aeng _2eng |
||
| 084 |
_a155, MAH _qFEDL |
||
| 100 | _aMahadevan K. Ed. | ||
| 245 | 0 | _aPublicies and strategies for child survival : Experiences from Asia | |
| 260 |
_aDelhi, India _bB. R. Publishing Corporation _c1990 |
||
| 300 | _axiv,498p. | ||
| 942 |
_cTEXL _h155, MAH |
||
| 999 |
_c1378998 _d1378998 |
||